| 000 | 00455cam a22001932a 4500 | ||
|---|---|---|---|
| 001 | 003694 | ||
| 003 | AR-FADEU | ||
| 008 | 311216n1963####xxu####################dd | ||
| 092 |
_a780.944 _bP143 |
||
| 100 | _aPaillard, Jean-Francois | ||
| 245 | _aLa música clásica Francesa | ||
| 260 | _aBuenos Aires | ||
| 260 | _bEudeba | ||
| 260 | _c1963 | ||
| 300 | _a67 p | ||
| 440 |
_aCuadernos de eudeba _n86 |
||
| 650 | _aMUSICA FRANCESA | ||
| 942 | _cBDGR | ||
| 999 |
_c9524 _d9524 |
||